[Event "GRE-ch U10"]
[Site "Greece"]
[Date "2014.07.08"]
[Round "7"]
[White "Potoulis, Ioannis"]
[Black "Papadimitrakis, Georgios"]
[Result "0-1"]
[WhiteElo "1164"]
[BlackElo "1379"]
[PlyCount "96"]
[EventDate "2014.07.04"]
[EventType "swiss"]
[EventRounds "9"]
[EventCountry "GRE"]
[SourceTitle "EXT 2017"]
[Source "ChessBase"]
[SourceDate "2016.10.25"]
[SourceVersion "1"]
[SourceVersionDate "2016.10.25"]
[SourceQuality "1"]

1. e4 c5 2. c3 Nf6 3. e5 Nd5 4. d4 cxd4 5. Nf3 Nc6 6. cxd4 e6 7. Bc4 Nb6 8. Bb3 Be7 9. Nc3 0-0 10. 0-0 d6 11. exd6 Bxd6 12. a3 Bd7 13. Bc2 a6 14. Qd3 g6 15. Bh6 Re8 16. Qd2 Ne7 17. Ne4 Nf5 18. Nxd6 Nxd6 19. Bg5 f6 20. Bh4 Nf5 21. Bxf5 exf5 22. Qh6 Qe7 23. Ne5 g5 24. Nxd7 Nxd7 25. Bg3 f4 26. Bxf4 gxf4 27. Qxf4 Qe4 28. Qg3+ Qg6 29. Qc7 Rad8 30. Qxb7 Nb8 31. Rfd1 Rd7 32. Qb3+ Kh8 33. Rd3 Rg7 34. Rg3 Qe4 35. Qb4 Nc6 36. Qc3 Nxd4 37. f3 Ne2+ 38. Kf1 Nxg3+ 39. hxg3 Qe2+ 40. Kg1 Qe3+ 41. Kh2 Qxc3 42. bxc3 Reg8 43. Rg1 Rxg3 44. a4 R3g5 45. Rc1 Rxg2+ 46. Kh1 R2g3 47. Kh2 R3g5 48. Rg1 Rh5# 0-1

[Event "GRE-ch U10"]
[Site "Greece"]
[Date "2014.07.07"]
[Round "6"]
[White "Papadimitrakis, Georgios"]
[Black "Patrelakis, Evaggelos"]
[Result "0-1"]
[WhiteElo "1379"]
[BlackElo "1446"]
[PlyCount "120"]
[EventDate "2014.07.04"]
[EventType "swiss"]
[EventRounds "9"]
[EventCountry "GRE"]
[SourceTitle "EXT 2017"]
[Source "ChessBase"]
[SourceDate "2016.10.25"]
[SourceVersion "1"]
[SourceVersionDate "2016.10.25"]
[SourceQuality "1"]

1. e4 c5 2. c3 Nf6 3. e5 Nd5 4. d4 cxd4 5. Nf3 e6 6. cxd4 Nc6 7. Bc4 Nb6 8. Bb3 d6 9. Bf4 d5 10. 0-0 Be7 11. Nc3 a6 12. Rc1 0-0 13. a3 Bd7 14. Qd3 Rc8 15. Bc2 g6 16. Nd2 Na5 17. Bb3 Nxb3 18. Nxb3 Nc4 19. Qe2 Qb6 20. Qc2 a5 21. a4 Qb4 22. Ra1 Nxb2 23. Qxb2 Rxc3 24. Rfb1 Rfc8 25. Bd2 Rxb3 26. Qxb3 Qxd2 27. Qxb7 Rd8 28. Qb6 Kg7 29. h3 Qc3 30. Rc1 Qb4 31. Qa7 Bg5 32. Rd1 Be8 33. Rf1 Bd2 34. Rfd1 Bc3 35. Rac1 Bxa4 36. Rd3 Bb2 37. Rf3 Rf8 38. Rc7 Be8 39. Re7 Qxd4 40. Qb8 Qxe5 41. Qb7 Qe1+ 42. Kh2 Be5+ 43. g3 Qe2 44. Kg2 Bf6 45. Re3 Qb5 46. Qxb5 Bxb5 47. Rb7 Bc6 48. Rb6 d4+ 49. Rxc6 dxe3 50. fxe3 Ra8 51. Rc2 a4 52. Ra2 a3 53. Kf3 Be7 54. Ke4 Rb8 55. Kd3 Rb2 56. Ra1 a2 57. Ke4 Bf6 58. Kd3 Rd2+ 59. Kxd2 Bxa1 60. Kc2 Be5 0-1

[Event "GRE-ch U10"]
[Site "Patras"]
[Date "2013.07.13"]
[Round "8.7"]
[White "Papadimitrakis, Georgios"]
[Black "Tzemanakis, Nikolaos"]
[Result "1-0"]
[WhiteElo "1369"]
[BlackElo "1278"]
[PlyCount "137"]
[EventDate "2013.07.08"]
[EventType "swiss"]
[EventRounds "9"]
[EventCountry "GRE"]
[SourceTitle "EXT 2024"]
[Source "ChessBase"]
[SourceDate "2023.10.10"]
[SourceVersion "1"]
[SourceVersionDate "2023.10.10"]
[SourceQuality "1"]

1. e4 c5 2. Nf3 d6 3. d4 cxd4 4. Nxd4 Nf6 5. Nc3 e6 6. Be3 a6 7. Qd2 Qc7 8. f3 b5 9. 0-0-0 Bb7 10. g4 Nfd7 11. h4 Nb6 12. Qf2 N8d7 13. Bh3 Nc4 14. g5 Nxe3 15. Qxe3 Ne5 16. f4 Nc4 17. Qd3 g6 18. Rhe1 Bc8 19. f5 e5 20. Nde2 Bb7 21. Nd5 Bxd5 22. Qxd5 Rb8 23. Rd3 Nb6 24. Qb3 Na4 25. Rf3 Nb6 26. Ref1 Rb7 27. Bg4 Nc4 28. Qd3 Nb6 29. h5 Be7 30. f6 Bd8 31. h6 Qc6 32. Rd1 Bc7 33. Nc3 0-0 34. Nd5 Nxd5 35. Qxd5 Qxd5 36. Rxd5 Rd8 37. Ra3 Ra7 38. Rxb5 axb5 39. Rxa7 Bb6 40. Rb7 Be3+ 41. Kd1 Bxg5 42. Rxb5 Bxh6 43. Rb3 Bf4 44. Bh3 h5 45. Ke2 g5 46. Bf5 g4 47. Rd3 Bg5 48. c4 Bxf6 49. b4 Ra8 50. a3 Be7 51. Kf2 Kf8 52. Ke3 Bg5+ 53. Ke2 Ke7 54. c5 dxc5 55. bxc5 Ra7 56. c6 Rc7 57. Rc3 Kd6 58. Bd7 Bf4 59. Kf2 g3+ 60. Kg2 h4 61. a4 Bg5 62. a5 Bd8 63. a6 Ke7 64. Rb3 Ra7 65. Bc8 Kd6 66. Bb7 Kc7 67. Rd3 Bg5 68. Rd7+ Kb8 69. c7# 1-0

[Event "GRE-ch U10"]
[Site "Patras"]
[Date "2013.07.11"]
[Round "6.5"]
[White "Rousos, Stamatios"]
[Black "Papadimitrakis, Georgios"]
[Result "1-0"]
[WhiteElo "1334"]
[BlackElo "1369"]
[PlyCount "153"]
[EventDate "2013.07.08"]
[EventType "swiss"]
[EventRounds "9"]
[EventCountry "GRE"]
[SourceTitle "EXT 2024"]
[Source "ChessBase"]
[SourceDate "2023.10.10"]
[SourceVersion "1"]
[SourceVersionDate "2023.10.10"]
[SourceQuality "1"]

1. e4 e5 2. Nf3 Nf6 3. Nxe5 d6 4. Nf3 Nxe4 5. Nc3 Nxc3 6. dxc3 Be7 7. Bd3 Bg4 8. 0-0 0-0 9. Re1 Nc6 10. Bf4 Re8 11. h3 Bh5 12. a4 a6 13. Re3 Qd7 14. Bg3 Bf6 15. Bf4 Rad8 16. Qe2 Rxe3 17. Bxe3 Ne7 18. Bd2 Bg6 19. b3 Nd5 20. Bxg6 fxg6 21. Qd3 Qf5 22. Qxf5 gxf5 23. Nd4 g6 24. Re1 c5 25. Ne6 Re8 26. c4 Nb4 27. Bxb4 cxb4 28. Kf1 Re7 29. Nf4 Rxe1+ 30. Kxe1 Kf7 31. Nd5 Ke6 32. Ke2 Bd4 33. Nxb4 Bc5 34. Nd5 a5 35. c3 Ke5 36. f3 f4 37. Kd3 g5 38. b4 axb4 39. cxb4 Ba7 40. Nc3 Bd4 41. Ne4 h6 42. Nc3 Bxc3 43. Kxc3 h5 44. a5 d5 45. cxd5 Kxd5 46. b5 Kc5 47. a6 bxa6 48. bxa6 Kb6 49. a7 Kxa7 50. Kd4 Kb6 51. Ke5 g4 52. hxg4 hxg4 53. fxg4 Kc7 54. Kxf4 Kd7 55. Kf5 Ke7 56. Kg6 Kf8 57. Kh7 Kf7 58. g5 Kf8 59. g6 Ke7 60. g7 Kf6 61. g8Q Kf5 62. Qg6+ Kf4 63. Qh5 Kg3 64. Kg6 Kxg2 65. Kg5 Kf2 66. Qh3 Ke2 67. Qg3 Kd2 68. Qf3 Ke1 69. Qg2 Kd1 70. Qf2 Kc1 71. Qe2 Kb1 72. Qd2 Ka1 73. Kf4 Kb1 74. Ke3 Ka1 75. Kd3 Kb1 76. Kc3 Ka1 77. Qb2# 1-0

[Event "GRE-ch U10"]
[Site "Patras"]
[Date "2013.07.09"]
[Round "3.5"]
[White "Papadimitrakis, Georgios"]
[Black "Vardakas, Grigorios"]
[Result "0-1"]
[WhiteElo "1369"]
[BlackElo "1546"]
[PlyCount "88"]
[EventDate "2013.07.08"]
[EventType "swiss"]
[EventRounds "9"]
[EventCountry "GRE"]
[SourceTitle "EXT 2024"]
[Source "ChessBase"]
[SourceDate "2023.10.10"]
[SourceVersion "1"]
[SourceVersionDate "2023.10.10"]
[SourceQuality "1"]

1. e4 c5 2. Nf3 e6 3. d4 cxd4 4. Nxd4 Nf6 5. Nc3 d6 6. Be3 Be7 7. Bc4 a6 8. f3 0-0 9. g4 Nfd7 10. Qd2 Bh4+ 11. Bf2 Bxf2+ 12. Qxf2 Ne5 13. Bb3 Qf6 14. 0-0-0 Nxg4 15. Qg3 Ne5 16. f4 Ng6 17. Nde2 Rd8 18. e5 dxe5 19. fxe5 Qe7 20. Rhg1 Rxd1+ 21. Nxd1 Nc6 22. Nf4 Ncxe5 23. Nxg6 Nxg6 24. Ne3 b5 25. Re1 Qh4 26. Nf5 Qxg3 27. hxg3 exf5 28. Re8+ Nf8 29. Bd5 Rb8 30. Kd2 g6 31. Ke3 Kg7 32. Kf4 Ne6+ 33. Bxe6 fxe6 34. Ke5 Ra8 35. Kd6 h6 36. Ke5 h5 37. Kf4 Kf7 38. Rd8 Kf6 39. b4 Bb7 40. Rd7 Bd5 41. a3 Rc8 42. Rd6 Rc3 43. Rxd5 exd5 44. a4 g5# 0-1